[Event "ODJM B 2018"]
[Site "Willingen GER"]
[Date "2018.05.20"]
[Round "2"]
[White "Pauls, Fynn"]
[Black "Thumm, Niklas"]
[Result "1-0"]
[Termination "normal"]
[Board "2"]
[WhiteElo "1789"]
[BlackElo "1781"]
[WhiteClock "01:01:57"]
[BlackClock "00:29:15"]
[PlyCount "35"]
[WhiteFideId "16213149"]
[BlackFideId "12918733"]
[EventCountry "GER"]
[EventRounds "9"]
[EventType "swiss"]
[EventDate "2018.05.19"]

1. Nf3 {[%clk 1:30:57]} 1... Nf6 {[%clk 1:30:38]} 2. g3 {[%clk 1:31:10]} 2...
Nc6 {[%clk 1:30:11]} 3. d4 {[%clk 1:31:34]} 3... d5 {[%clk 1:29:11]} 4. Bg2 {
[%clk 1:32:00]} 4... Bf5 {[%clk 1:23:00]} 5. c4 {[%clk 1:30:50]} 5... dxc4 {
[%clk 1:18:43]} 6. Qa4 {[%clk 1:28:44]} 6... Qd5 {[%clk 1:01:29]} 7. O-O {
[%clk 1:14:57]} 7... Bd7 {[%clk 0:54:24]} 8. Nc3 {[%clk 1:11:43]} 8... Nxd4 {
[%clk 0:51:01]} 9. Nxd5 {[%clk 1:09:00]} 9... Nxe2+ {[%clk 0:44:54]} 10. Kh1 {
[%clk 1:09:21]} 10... Bxa4 {[%clk 0:45:12]} 11. Nxc7+ {[%clk 1:09:45]} 11...
Kd8 {[%clk 0:44:44]} 12. Nxa8 {[%clk 1:10:10]} 12... c3 {[%clk 0:40:43]} 13.
bxc3 {[%clk 1:09:27]} 13... Kc8 {[%clk 0:38:32]} 14. Ne5 {[%clk 1:01:56]} 14...
Nxc1 {[%clk 0:36:42]} 15. Raxc1 {[%clk 1:01:46]} 15... Bb5 {[%clk 0:28:55]} 16.
Rfd1 {[%clk 1:01:53]} 16... e6 {[%clk 0:28:54]} 17. Nxf7 {[%clk 1:01:57]} 17...
Rg8 {[%clk 0:29:15]} 18. Rd8# 1-0

[Event "ODJM B 2018"]
[Site "Willingen GER"]
[Date "2018.05.20"]
[Round "2"]
[White "Straßburg, Robin Leonard"]
[Black "Weimert, Miriam"]
[Result "1/2-1/2"]
[Termination "normal"]
[Board "3"]
[WhiteElo "1732"]
[BlackElo "1797"]
[WhiteClock "00:07:28"]
[BlackClock "00:13:14"]
[PlyCount "48"]
[WhiteFideId "16210018"]
[BlackFideId "12966703"]
[EventCountry "GER"]
[EventRounds "9"]
[EventType "swiss"]
[EventDate "2018.05.19"]

1. d4 {[%clk 1:30:53]} 1... Nf6 {[%clk 1:30:28]} 2. Bf4 {[%clk 1:30:34]} 2...
g6 {[%clk 1:30:42]} 3. Nd2 {[%clk 1:29:02]} 3... c5 {[%clk 1:24:40]} 4. e3 {
[%clk 1:25:20]} 4... Bg7 {[%clk 1:22:48]} 5. c3 {[%clk 1:25:10]} 5... b6 {
[%clk 1:16:26]} 6. Ngf3 {[%clk 1:21:56]} 6... Bb7 {[%clk 1:14:01]} 7. h3 {
[%clk 1:19:16]} 7... O-O {[%clk 1:14:15]} 8. Be2 {[%clk 1:18:37]} 8... d6 {
[%clk 1:13:45]} 9. O-O {[%clk 1:17:32]} 9... Nc6 {[%clk 1:12:46]} 10. Bh2 {
[%clk 1:14:10]} 10... Rc8 {[%clk 1:03:54]} 11. Rc1 {[%clk 1:09:35]} 11... Nd7 {
[%clk 0:50:31]} 12. Re1 {[%clk 0:47:34]} 12... Qc7 {[%clk 0:27:38]} 13. Nb3 {
[%clk 0:35:08]} 13... e5 {[%clk 0:25:37]} 14. dxe5 {[%clk 0:31:34]} 14... dxe5
{[%clk 0:25:12]} 15. Qc2 {[%clk 0:30:45]} 15... f5 {[%clk 0:22:40]} 16. Ng5 {
[%clk 0:27:12]} 16... Nd8 {[%clk 0:21:57]} 17. Bc4+ {[%clk 0:21:00]} 17... Kh8
{[%clk 0:22:13]} 18. Rcd1 {[%clk 0:20:04]} 18... Nf6 {[%clk 0:17:52]} 19. Nf3 {
[%clk 0:10:23]} 19... Bxf3 {[%clk 0:16:21]} 20. gxf3 {[%clk 0:10:48]} 20... Qc6
{[%clk 0:15:44]} 21. Be2 {[%clk 0:09:55]} 21... Nf7 {[%clk 0:14:54]} 22. f4 {
[%clk 0:08:55]} 22... e4 {[%clk 0:14:07]} 23. h4 {[%clk 0:08:06]} 23... Rcd8 {
[%clk 0:13:14]} 24. Bg3 {[%clk 0:07:28]} 24... Rd7 1/2-1/2

[Event "ODJM B 2018"]
[Site "Willingen GER"]
[Date "2018.05.20"]
[Round "2"]
[White "Schilay, Eva"]
[Black "Walow, Xenia"]
[Result "0-1"]
[Termination "normal"]
[Board "4"]
[WhiteElo "1605"]
[BlackElo "1742"]
[WhiteClock "00:03:58"]
[BlackClock "00:20:42"]
[PlyCount "66"]
[WhiteFideId "12930164"]
[BlackFideId "12971839"]
[EventCountry "GER"]
[EventRounds "9"]
[EventType "swiss"]
[EventDate "2018.05.19"]

1. e4 {[%clk 1:30:57]} 1... c5 {[%clk 1:30:54]} 2. Nc3 {[%clk 1:31:16]} 2...
Nc6 {[%clk 1:30:43]} 3. g3 {[%clk 1:31:33]} 3... g6 {[%clk 1:31:01]} 4. Bg2 {
[%clk 1:31:58]} 4... Bg7 {[%clk 1:31:26]} 5. d3 {[%clk 1:32:23]} 5... e6 {
[%clk 1:31:25]} 6. Be3 {[%clk 1:32:35]} 6... d6 {[%clk 1:31:21]} 7. Qd2 { [%clk
1:31:37]} 7... Rb8 {[%clk 1:30:36]} 8. Nge2 {[%clk 1:29:29]} 8... Qc7 { [%clk
1:27:11]} 9. f4 {[%clk 1:27:20]} 9... b5 {[%clk 1:26:06]} 10. O-O { [%clk
1:25:09]} 10... Nge7 {[%clk 1:22:23]} 11. Rf2 {[%clk 1:17:33]} 11... b4 { [%clk
1:21:11]} 12. Nd1 {[%clk 1:15:38]} 12... O-O {[%clk 1:20:19]} 13. d4 { [%clk
1:12:22]} 13... cxd4 {[%clk 1:12:46]} 14. Nxd4 {[%clk 1:12:39]} 14... Rd8
{[%clk 1:10:38]} 15. a3 {[%clk 1:03:03]} 15... a5 {[%clk 1:07:38]} 16. axb4 {
[%clk 0:55:34]} 16... axb4 {[%clk 1:06:40]} 17. c3 {[%clk 0:52:31]} 17... Bd7 {
[%clk 0:58:28]} 18. Rf1 {[%clk 0:47:52]} 18... Rdc8 {[%clk 0:50:52]} 19. g4 {
[%clk 0:37:04]} 19... bxc3 {[%clk 0:46:37]} 20. bxc3 {[%clk 0:36:50]} 20... Na5
{[%clk 0:44:56]} 21. Rc1 {[%clk 0:30:40]} 21... Nc4 {[%clk 0:38:33]} 22. Qd3 {
[%clk 0:30:03]} 22... Nxe3 {[%clk 0:35:11]} 23. Nxe3 {[%clk 0:30:20]} 23... e5
{[%clk 0:28:15]} 24. Ne2 {[%clk 0:25:53]} 24... Qc5 {[%clk 0:26:51]} 25. Kh1 {
[%clk 0:24:59]} 25... Rb3 {[%clk 0:24:17]} 26. f5 {[%clk 0:14:06]} 26... Bh6 {
[%clk 0:22:02]} 27. Nd5 {[%clk 0:11:42]} 27... Nxd5 {[%clk 0:21:38]} 28. exd5 {
[%clk 0:11:40]} 28... Bxc1 {[%clk 0:21:46]} 29. Rxc1 {[%clk 0:11:52]} 29... Bb5
{[%clk 0:21:50]} 30. Qc2 {[%clk 0:10:13]} 30... Qa3 {[%clk 0:20:05]} 31. Bf1 {
[%clk 0:05:22]} 31... Rb2 {[%clk 0:19:59]} 32. Qd1 {[%clk 0:03:34]} 32... Bxe2
{[%clk 0:20:21]} 33. Bxe2 {[%clk 0:03:58]} 33... Rxe2 {[%clk 0:20:42]} 0-1

[Event "ODJM B 2018"]
[Site "Willingen GER"]
[Date "2018.05.20"]
[Round "2"]
[White "Alferova, Ekaterina"]
[Black "Wastian, Mareike"]
[Result "0-1"]
[Termination "normal"]
[Board "5"]
[WhiteElo "1600"]
[BlackElo "1535"]
[WhiteClock "00:00:00"]
[BlackClock "00:20:26"]
[PlyCount "151"]
[WhiteFideId "16217250"]
[BlackFideId "12947423"]
[EventCountry "GER"]
[EventRounds "9"]
[EventType "swiss"]
[EventDate "2018.05.19"]

1. d4 {[%clk 1:30:57]} 1... d5 {[%clk 1:30:54]} 2. Bf4 {[%clk 1:31:17]} 2...
Nf6 {[%clk 1:31:09]} 3. e3 {[%clk 1:31:14]} 3... c5 {[%clk 1:31:10]} 4. c3 {
[%clk 1:31:22]} 4... Nc6 {[%clk 1:31:08]} 5. Nd2 {[%clk 1:31:35]} 5... Qb6 {
[%clk 1:29:40]} 6. Qb3 {[%clk 1:31:21]} 6... c4 {[%clk 1:28:14]} 7. Qc2 { [%clk
1:31:30]} 7... g6 {[%clk 1:26:44]} 8. Ngf3 {[%clk 1:28:40]} 8... Bf5 { [%clk
1:25:05]} 9. Qc1 {[%clk 1:29:00]} 9... Bg7 {[%clk 1:22:53]} 10. Be2 { [%clk
1:26:32]} 10... O-O {[%clk 1:20:05]} 11. h3 {[%clk 1:26:23]} 11... a5 { [%clk
1:15:42]} 12. b3 {[%clk 1:18:15]} 12... cxb3 {[%clk 1:12:47]} 13. axb3 { [%clk
1:18:40]} 13... Rfc8 {[%clk 1:10:49]} 14. O-O {[%clk 1:14:00]} 14... Nb4 {[%clk
1:00:18]} 15. Qb2 {[%clk 0:58:26]} 15... Nd3 {[%clk 0:58:07]} 16. Bxd3 { [%clk
0:58:46]} 16... Bxd3 {[%clk 0:57:14]} 17. Rfc1 {[%clk 0:58:41]} 17... a4 {[%clk
0:52:51]} 18. Qa3 {[%clk 0:44:10]} 18... e6 {[%clk 0:45:36]} 19. bxa4 { [%clk
0:37:43]} 19... Qa6 {[%clk 0:41:24]} 20. Bd6 {[%clk 0:25:07]} 20... Ne4 { [%clk
0:35:09]} 21. Nxe4 {[%clk 0:22:45]} 21... Bxe4 {[%clk 0:34:25]} 22. Nd2 { [%clk
0:20:58]} 22... Bd3 {[%clk 0:32:07]} 23. Bb4 {[%clk 0:17:40]} 23... b6 { [%clk
0:28:49]} 24. Qb3 {[%clk 0:13:13]} 24... Qa7 {[%clk 0:23:31]} 25. c4 { [%clk
0:04:39]} 25... dxc4 {[%clk 0:22:03]} 26. Nxc4 {[%clk 0:04:59]} 26... Bxc4
{[%clk 0:18:12]} 27. Rxc4 {[%clk 0:05:23]} 27... Rxc4 {[%clk 0:17:51]} 28. Qxc4
{[%clk 0:05:47]} 28... Qd7 {[%clk 0:17:18]} 29. Qc3 {[%clk 0:03:35]} 29... h6
{[%clk 0:15:52]} 30. a5 {[%clk 0:03:13]} 30... Rc8 {[%clk 0:14:16]} 31. Qb3
{[%clk 0:02:39]} 31... bxa5 {[%clk 0:14:14]} 32. Bxa5 {[%clk 0:02:34]} 32...
Qc6 {[%clk 0:13:28]} 33. Bd2 {[%clk 0:01:46]} 33... Qd6 {[%clk 0:12:30]} 34.
Qb4 {[%clk 0:00:54]} 34... Qd7 {[%clk 0:10:55]} 35. Rc1 {[%clk 0:01:04]} 35...
Ra8 {[%clk 0:10:39]} 36. Bc3 {[%clk 0:01:11]} 36... Qc7 {[%clk 0:09:28]} 37.
Bd2 {[%clk 0:00:53]} 37... Qd7 {[%clk 0:09:28]} 38. Bc3 {[%clk 0:00:37]} 38...
Qc7 {[%clk 0:08:59]} 39. Qb2 {[%clk 0:00:35]} 39... Rb8 {[%clk 0:08:37]} 40.
Qd2 {[%clk 0:00:35]} 40... Qb7 {[%clk 0:08:28]} 41. Ba5 {[%clk 0:00:35]} 41...
Qb5 {[%clk 0:07:08]} 42. Bc7 {[%clk 0:28:34]} 42... Ra8 {[%clk 0:36:27]} 43.
Bd6 {[%clk 0:26:21]} 43... Qd5 {[%clk 0:35:25]} 44. Qb4 {[%clk 0:23:46]} 44...
Rd8 {[%clk 0:32:35]} 45. Bg3 {[%clk 0:20:06]} 45... Bf8 {[%clk 0:30:17]} 46.
Qc4 {[%clk 0:15:48]} 46... Qf5 {[%clk 0:29:05]} 47. Qc7 {[%clk 0:15:37]} 47...
Qd5 {[%clk 0:28:18]} 48. Be5 {[%clk 0:11:39]} 48... Bg7 {[%clk 0:25:38]} 49.
Bxg7 {[%clk 0:07:14]} 49... Kxg7 {[%clk 0:25:58]} 50. Rc5 {[%clk 0:07:07]}
50... Qa8 {[%clk 0:25:13]} 51. Ra5 {[%clk 0:06:39]} 51... Qb8 {[%clk 0:24:48]}
52. Qxb8 {[%clk 0:06:26]} 52... Rxb8 {[%clk 0:25:11]} 53. Kh2 {[%clk 0:05:58]}
53... Kf6 {[%clk 0:25:11]} 54. g4 {[%clk 0:03:55]} 54... g5 {[%clk 0:24:06]}
55. Kg2 {[%clk 0:01:31]} 55... Rb2 {[%clk 0:22:52]} 56. Rc5 {[%clk 0:00:47]}
56... Rd2 {[%clk 0:22:53]} 57. Rc1 {[%clk 0:01:05]} 57... Kg6 {[%clk 0:22:36]}
58. Kg3 {[%clk 0:01:09]} 58... Rd3 {[%clk 0:21:41]} 59. h4 {[%clk 0:01:22]}
59... gxh4+ {[%clk 0:21:39]} 60. Kxh4 {[%clk 0:01:47]} 60... Rd2 { [%clk
0:21:34]} 61. Kg3 {[%clk 0:01:59]} 61... h5 {[%clk 0:20:24]} 62. gxh5+ { [%clk
0:01:32]} 62... Kxh5 {[%clk 0:20:45]} 63. Kf3 {[%clk 0:01:35]} 63... Kg6 {[%clk
0:20:41]} 64. Rg1+ {[%clk 0:00:57]} 64... Kf6 {[%clk 0:20:58]} 65. Rg4 { [%clk
0:01:11]} 65... e5 {[%clk 0:19:39]} 66. Re4 {[%clk 0:00:46]} 66... exd4 { [%clk
0:19:31]} 67. exd4 {[%clk 0:00:39]} 67... Kf5 {[%clk 0:19:32]} 68. Ke3 { [%clk
0:00:33]} 68... Rd1 {[%clk 0:19:37]} 69. Re5+ {[%clk 0:00:54]} 69... Kf6 {[%clk
0:19:59]} 70. f4 {[%clk 0:00:34]} 70... Re1+ {[%clk 0:20:07]} 71. Kf2 { [%clk
0:00:48]} 71... Rd1 {[%clk 0:20:20]} 72. d5 {[%clk 0:01:01]} 72... Rd4 { [%clk
0:20:27]} 73. Ke3 {[%clk 0:00:42]} 73... Rd1 {[%clk 0:20:48]} 74. Rg5 { [%clk
0:00:32]} 74... Ke7 {[%clk 0:20:46]} 75. Ke4 {[%clk 0:00:32]} 75... Kd6 { [%clk
0:20:26]} 76. Re5 {[%clk 0:00:00]} 0-1

[Event "ODJM B 2018"]
[Site "Willingen GER"]
[Date "2018.05.20"]
[Round "2"]
[White "Arnold, Leander"]
[Black "Noever, Niklas"]
[Result "1/2-1/2"]
[Termination "normal"]
[Board "6"]
[WhiteElo "1808"]
[BlackElo "1707"]
[WhiteClock "00:07:19"]
[BlackClock "00:39:25"]
[PlyCount "41"]
[WhiteFideId "12990230"]
[BlackFideId "12988642"]
[EventCountry "GER"]
[EventRounds "9"]
[EventType "swiss"]
[EventDate "2018.05.19"]

1. d4 {[%clk 1:30:48]} 1... Nf6 {[%clk 1:29:59]} 2. Nd2 {[%clk 1:30:30]} 2...
d5 {[%clk 1:27:59]} 3. Ngf3 {[%clk 1:28:54]} 3... e6 {[%clk 1:27:36]} 4. e3 {
[%clk 1:29:12]} 4... Nbd7 {[%clk 1:25:40]} 5. Bd3 {[%clk 1:26:41]} 5... Be7 {
[%clk 1:25:24]} 6. O-O {[%clk 1:25:39]} 6... O-O {[%clk 1:25:18]} 7. c3 { [%clk
1:24:10]} 7... c5 {[%clk 1:24:33]} 8. Re1 {[%clk 1:21:57]} 8... b6 { [%clk
1:22:58]} 9. Bc2 {[%clk 0:46:20]} 9... Qc7 {[%clk 1:18:01]} 10. e4 { [%clk
0:44:22]} 10... dxe4 {[%clk 1:16:35]} 11. Nxe4 {[%clk 0:44:33]} 11... cxd4
{[%clk 1:16:22]} 12. Nxd4 {[%clk 0:39:43]} 12... Bb7 {[%clk 1:09:36]} 13. Qe2
{[%clk 0:30:12]} 13... Bc5 {[%clk 1:02:25]} 14. Nxc5 {[%clk 0:20:17]} 14...
Nxc5 {[%clk 1:00:26]} 15. f3 {[%clk 0:19:51]} 15... Ba6 {[%clk 0:54:32]} 16. c4
{[%clk 0:17:24]} 16... Rfd8 {[%clk 0:52:52]} 17. Nb5 {[%clk 0:16:53]} 17...
Bxb5 {[%clk 0:50:58]} 18. cxb5 {[%clk 0:17:19]} 18... Rd5 {[%clk 0:48:56]} 19.
g3 {[%clk 0:14:05]} 19... Qd7 {[%clk 0:40:40]} 20. Bf4 {[%clk 0:07:19]} 20...
Rd8 {[%clk 0:39:25]} 21. Rad1 {[%clk 0:07:19]} 1/2-1/2

[Event "ODJM B 2018"]
[Site "Willingen GER"]
[Date "2018.05.20"]
[Round "2"]
[White "Klühs, Gustaf"]
[Black "Zieringer, Sebastian"]
[Result "1/2-1/2"]
[Termination "normal"]
[Board "7"]
[WhiteElo "1740"]
[BlackElo "1751"]
[WhiteClock "00:58:43"]
[BlackClock "00:37:02"]
[PlyCount "57"]
[WhiteFideId "16228936"]
[BlackFideId "16222008"]
[EventCountry "GER"]
[EventRounds "9"]
[EventType "swiss"]
[EventDate "2018.05.19"]

1. d4 {[%clk 1:30:57]} 1... Nf6 {[%clk 1:30:41]} 2. g3 {[%clk 1:31:21]} 2... g6
{[%clk 1:31:00]} 3. Bg2 {[%clk 1:31:44]} 3... Bg7 {[%clk 1:31:21]} 4. e4 {
[%clk 1:31:50]} 4... d6 {[%clk 1:31:38]} 5. Ne2 {[%clk 1:32:03]} 5... O-O {
[%clk 1:30:28]} 6. O-O {[%clk 1:32:16]} 6... e5 {[%clk 1:28:51]} 7. c3 { [%clk
1:31:44]} 7... Re8 {[%clk 1:26:55]} 8. Qc2 {[%clk 1:31:12]} 8... c6 { [%clk
1:20:24]} 9. dxe5 {[%clk 1:29:43]} 9... dxe5 {[%clk 1:20:25]} 10. Rd1 { [%clk
1:29:39]} 10... Qc7 {[%clk 1:18:47]} 11. h3 {[%clk 1:28:37]} 11... Nbd7 { [%clk
1:17:21]} 12. Be3 {[%clk 1:28:54]} 12... b6 {[%clk 1:16:02]} 13. a4 { [%clk
1:21:43]} 13... Ba6 {[%clk 1:15:07]} 14. Na3 {[%clk 1:18:33]} 14... c5 15. c4
{[%clk 1:14:41]} 15... Nf8 {[%clk 1:03:10]} 16. Nb5 {[%clk 1:14:07]} 16... Bxb5
{[%clk 1:03:31]} 17. axb5 {[%clk 1:14:13]} 17... Ne6 {[%clk 1:02:59] } 18. b3
{[%clk 1:06:53]} 18... Nd4 {[%clk 0:54:13]} 19. Nxd4 {[%clk 1:07:10]} 19...
cxd4 {[%clk 0:54:29]} 20. Bc1 {[%clk 1:05:45]} 20... Nd7 {[%clk 0:53:45]} 21.
Ba3 {[%clk 1:04:33]} 21... Bf8 {[%clk 0:52:26]} 22. Bf1 {[%clk 1:03:09]} 22...
Qb7 {[%clk 0:49:11]} 23. Bd3 {[%clk 1:02:04]} 23... Rec8 {[%clk 0:43:00]} 24.
Qe2 {[%clk 0:59:46]} 24... Nc5 {[%clk 0:37:17]} 25. Bxc5 25... Bxc5 { [%clk
0:37:12]} 26. Ra4 {[%clk 1:00:08]} 26... a5 {[%clk 0:36:39]} 27. bxa6 { [%clk
1:00:10]} 27... Rxa6 {[%clk 0:36:58]} 28. Rda1 {[%clk 0:59:06]} 28... Rca8
{[%clk 0:37:02]} 29. Rxa6 {[%clk 0:58:43]} 1/2-1/2

[Event "ODJM B 2018"]
[Site "Willingen GER"]
[Date "2018.05.20"]
[Round "2"]
[White "von Rosen, Jakob"]
[Black "Schelhorn, Paul"]
[Result "1-0"]
[Termination "normal"]
[Board "8"]
[WhiteElo "1700"]
[BlackElo "1759"]
[WhiteClock "00:10:01"]
[BlackClock "00:32:11"]
[PlyCount "115"]
[WhiteFideId "12982989"]
[BlackFideId "12964077"]
[EventCountry "GER"]
[EventRounds "9"]
[EventType "swiss"]
[EventDate "2018.05.19"]

1. e4 {[%clk 1:30:55]} 1... e6 {[%clk 1:30:40]} 2. d4 {[%clk 1:31:15]} 2... d5
{[%clk 1:30:47]} 3. Nc3 {[%clk 1:31:19]} 3... Bb4 {[%clk 1:30:34]} 4. Bd3 {
[%clk 1:27:26]} 4... Nc6 {[%clk 1:29:27]} 5. Nf3 {[%clk 1:24:29]} 5... Nge7 {
[%clk 1:26:35]} 6. a3 {[%clk 1:19:51]} 6... Bxc3+ {[%clk 1:24:09]} 7. bxc3 {
[%clk 1:20:12]} 7... dxe4 {[%clk 1:24:06]} 8. Bxe4 {[%clk 1:20:13]} 8... b6 {
[%clk 1:22:31]} 9. O-O {[%clk 1:14:57]} 9... Bb7 {[%clk 1:21:09]} 10. Re1 {
[%clk 1:03:59]} 10... Nd5 {[%clk 1:12:44]} 11. Bb2 {[%clk 1:00:03]} 11... Nf6 {
[%clk 1:07:14]} 12. Bd3 {[%clk 0:58:15]} 12... O-O {[%clk 1:05:01]} 13. c4 {
[%clk 0:52:51]} 13... Re8 {[%clk 0:55:07]} 14. Ne5 {[%clk 0:48:49]} 14... Nxe5
{[%clk 0:49:15]} 15. dxe5 {[%clk 0:47:52]} 15... Nd7 {[%clk 0:48:49]} 16. Re3 {
[%clk 0:45:01]} 16... h6 {[%clk 0:46:32]} 17. Rg3 {[%clk 0:41:05]} 17... Qh4 {
[%clk 0:42:00]} 18. Rg4 {[%clk 0:27:55]} 18... Qe7 {[%clk 0:42:16]} 19. Qd2 {
[%clk 0:27:07]} 19... Kh8 {[%clk 0:38:16]} 20. Re1 {[%clk 0:26:06]} 20... f5 {
[%clk 0:36:49]} 21. exf6 {[%clk 0:21:24]} 21... Nxf6 {[%clk 0:36:48]} 22. Rg6 {
[%clk 0:19:38]} 22... Rf8 {[%clk 0:31:16]} 23. Re3 {[%clk 0:13:24]} 23... Rad8
{[%clk 0:25:43]} 24. Rh3 {[%clk 0:11:49]} 24... Be4 {[%clk 0:25:59]} 25. Bxf6 {
[%clk 0:09:24]} 25... Rxf6 {[%clk 0:25:32]} 26. Rhxh6+ {[%clk 0:06:05]} 26...
gxh6 {[%clk 0:25:16]} 27. Qxh6+ {[%clk 0:06:16]} 27... Qh7 {[%clk 0:25:31]} 28.
Rxf6 {[%clk 0:06:15]} 28... Bxd3 {[%clk 0:24:25]} 29. Rf8+ {[%clk 0:05:53]}
29... Rxf8 {[%clk 0:24:24]} 30. Qxf8+ {[%clk 0:06:17]} 30... Qg8 { [%clk
0:24:38]} 31. Qxg8+ {[%clk 0:06:25]} 31... Kxg8 {[%clk 0:24:57]} 32. cxd3
{[%clk 0:06:49]} 32... c6 {[%clk 0:25:05]} 33. f4 {[%clk 0:05:53]} 33... b5 {
[%clk 0:25:26]} 34. Kf2 {[%clk 0:05:29]} 34... a5 {[%clk 0:25:46]} 35. Ke3 {
[%clk 0:05:25]} 35... b4 {[%clk 0:25:49]} 36. axb4 {[%clk 0:05:11]} 36... axb4
{[%clk 0:26:01]} 37. c5 {[%clk 0:05:17]} 37... Kf7 {[%clk 0:26:14]} 38. Kd4 {
[%clk 0:04:21]} 38... Kf6 {[%clk 0:26:13]} 39. Kc4 {[%clk 0:04:35]} 39... Kf5 {
[%clk 0:26:36]} 40. g3 {[%clk 0:04:50]} 40... e5 {[%clk 0:26:58]} 41. fxe5 {
[%clk 0:05:06]} 41... Kxe5 {[%clk 0:27:18]} 42. Kxb4 {[%clk 0:05:22]} 42... Kd4
{[%clk 0:27:35]} 43. h4 {[%clk 0:05:37]} 43... Kxd3 {[%clk 0:28:00]} 44. h5 {
[%clk 0:05:57]} 44... Ke4 {[%clk 0:28:23]} 45. h6 {[%clk 0:06:13]} 45... Kf3 {
[%clk 0:28:48]} 46. h7 {[%clk 0:06:33]} 46... Kxg3 {[%clk 0:29:02]} 47. h8=Q {
[%clk 0:06:52]} 47... Kf4 {[%clk 0:29:21]} 48. Qf6+ {[%clk 0:07:02]} 48... Ke4
{[%clk 0:29:41]} 49. Qg5 {[%clk 0:07:16]} 49... Kd4 {[%clk 0:29:58]} 50. Qf5 {
[%clk 0:07:34]} 50... Ke3 {[%clk 0:30:15]} 51. Qg4 {[%clk 0:07:57]} 51... Kd3 {
[%clk 0:30:28]} 52. Qf4 {[%clk 0:08:19]} 52... Ke2 {[%clk 0:30:41]} 53. Qg3 {
[%clk 0:08:42]} 53... Kd2 {[%clk 0:30:56]} 54. Qf3 {[%clk 0:09:03]} 54... Ke1 {
[%clk 0:31:18]} 55. Qg2 {[%clk 0:09:22]} 55... Kd1 {[%clk 0:31:40]} 56. Kc3 {
[%clk 0:09:42]} 56... Ke1 {[%clk 0:31:55]} 57. Kd3 {[%clk 0:10:01]} 57... Kd1 {
[%clk 0:32:11]} 58. Qh1# 1-0

[Event "ODJM B 2018"]
[Site "Willingen GER"]
[Date "2018.05.20"]
[Round "2"]
[White "Matthes, Benjamin"]
[Black "Chlechowitz, Maximilian"]
[Result "1-0"]
[Termination "normal"]
[Board "9"]
[WhiteElo "1829"]
[BlackElo "1622"]
[WhiteClock "00:18:42"]
[BlackClock "00:24:44"]
[PlyCount "105"]
[WhiteFideId "16227298"]
[BlackFideId "16222571"]
[EventCountry "GER"]
[EventRounds "9"]
[EventType "swiss"]
[EventDate "2018.05.19"]

1. e4 {[%clk 1:30:56]} 1... d6 {[%clk 1:30:54]} 2. d4 {[%clk 1:31:20]} 2... Nf6
{[%clk 1:31:16]} 3. Nc3 {[%clk 1:31:44]} 3... e5 {[%clk 1:31:35]} 4. dxe5 {
[%clk 1:26:16]} 4... dxe5 {[%clk 1:31:11]} 5. Qxd8+ {[%clk 1:24:07]} 5... Kxd8
{[%clk 1:31:34]} 6. Bg5 {[%clk 1:22:02]} 6... Be6 {[%clk 1:31:11]} 7. Nd5 {
[%clk 1:14:12]} 7... Nbd7 {[%clk 1:29:44]} 8. O-O-O {[%clk 1:09:11]} 8... Kc8 {
[%clk 1:29:03]} 9. f3 {[%clk 0:58:26]} 9... c6 {[%clk 1:27:22]} 10. Nc3 { [%clk
0:53:44]} 10... Bb4 {[%clk 1:24:28]} 11. Nge2 11... Kc7 {[%clk 1:20:08]} 12.
Be3 {[%clk 0:48:40]} 12... Nb6 {[%clk 1:05:18]} 13. a3 {[%clk 0:44:24]} 13...
Nc4 {[%clk 0:56:52]} 14. Bf2 {[%clk 0:42:43]} 14... Ba5 {[%clk 0:53:26]} 15. g4
{[%clk 0:34:22]} 15... Bb6 {[%clk 0:48:13]} 16. Bg1 {[%clk 0:30:17]} 16... Ne8
{[%clk 0:35:57]} 17. h4 {[%clk 0:22:41]} 17... Ned6 {[%clk 0:29:25]} 18. Bh3
{[%clk 0:21:03]} 18... Rhd8 {[%clk 0:25:29]} 19. Kb1 {[%clk 0:17:41]} 19... Rd7
{[%clk 0:24:43]} 20. Nc1 {[%clk 0:11:39]} 20... Rad8 {[%clk 0:24:18]} 21. Bxb6+
{[%clk 0:09:17]} 21... axb6 {[%clk 0:24:10]} 22. g5 {[%clk 0:05:56]} 22... Bxh3
{[%clk 0:23:37]} 23. Rxh3 {[%clk 0:06:25]} 23... Ne3 {[%clk 0:19:39] } 24. Rd3
{[%clk 0:04:58]} 24... Ng2 {[%clk 0:16:56]} 25. N3e2 {[%clk 0:03:06]} 25... Nb5
{[%clk 0:15:24]} 26. Rxd7+ {[%clk 0:02:03]} 26... Rxd7 { [%clk 0:15:48]} 27.
Nd3 {[%clk 0:01:47]} 27... f6 {[%clk 0:13:46]} 28. gxf6 { [%clk 0:01:56]} 28...
gxf6 {[%clk 0:14:14]} 29. h5 {[%clk 0:01:13]} 29... Ne1 { [%clk 0:12:48]} 30.
f4 {[%clk 0:01:17]} 30... Nxd3 {[%clk 0:12:37]} 31. cxd3 { [%clk 0:00:48]}
31... Nd4 {[%clk 0:11:48]} 32. Nxd4 {[%clk 0:00:56]} 32... Rxd4 {[%clk
0:12:16]} 33. fxe5 {[%clk 0:01:14]} 33... fxe5 {[%clk 0:12:30]} 34. Rf3 {[%clk
0:01:13]} 34... c5 {[%clk 0:12:17]} 35. Kc2 {[%clk 0:01:08]} 35... Rd7 { [%clk
0:10:47]} 36. Rf5 {[%clk 0:00:59]} 36... Re7 {[%clk 0:10:20]} 37. a4 { [%clk
0:00:38]} 37... Kd6 {[%clk 0:10:12]} 38. Rf6+ {[%clk 0:00:41]} 38... Re6 {[%clk
0:06:43]} 39. Rxe6+ {[%clk 0:00:35]} 39... Kxe6 {[%clk 0:07:03]} 40. Kc3 {[%clk
0:01:04]} 40... Kf6 {[%clk 0:05:12]} 41. Kc4 {[%clk 0:29:18]} 41... Kg5 {[%clk
0:34:35]} 42. Kd5 {[%clk 0:16:48]} 42... Kxh5 {[%clk 0:28:44]} 43. Kxe5 {[%clk
0:17:11]} 43... Kg5 {[%clk 0:28:15]} 44. Kd6 {[%clk 0:17:02]} 44... h5 { [%clk
0:28:16]} 45. e5 {[%clk 0:17:27]} 45... h4 {[%clk 0:28:17]} 46. e6 { [%clk
0:17:52]} 46... h3 {[%clk 0:28:40]} 47. e7 {[%clk 0:18:20]} 47... h2 { [%clk
0:29:06]} 48. e8=Q {[%clk 0:18:28]} 48... h1=Q {[%clk 0:29:28]} 49. Qe5+ {[%clk
0:18:21]} 49... Kg6 {[%clk 0:25:06]} 50. Qe4+ {[%clk 0:18:35]} 50... Qxe4
{[%clk 0:25:25]} 51. dxe4 {[%clk 0:19:04]} 51... Kf7 {[%clk 0:25:35]} 52. b3
{[%clk 0:18:40]} 52... Ke8 {[%clk 0:24:44]} 53. Kc7 {[%clk 0:18:42]} 1-0